| 000 -CABECERA |
| fixed length control field |
01348nam a22002057a 4500 |
| 003 - IDENTIFICADOR DEL NÚMERO DE CONTROL |
| control field |
AR-CdUCM |
| 008 - DATOS DE LONGITUD FIJA--INFORMACIÓN GENERAL |
| fixed length control field |
190409b ||||| |||| 00| 0 spa d |
| 040 ## - FUENTE DE LA CATALOGACIÓN |
| Agencia/entidad que catalogó originalmente la obra |
MUNICIPALIDAD PROVINCIAL DEL CUSCO |
| Entidad que transcribió la catalogación |
BIBLIOTECA MUNICIPAL DEL CUSCO |
| 082 ## - NÚMERO DE LA CLASIFICACIÓN DECIMAL DEWEY |
| No. de Clasificación |
349.6 / |
| Notacion interna |
SA182 / 1846 |
| 100 ## - ENTRADA PRINCIPAL--NOMBRE DE PERSONA |
| Nombre Personal |
Salva, Vicente |
| 245 ## - MENCIÓN DE TÍTULO |
| Título |
Novísima recopilación de las leyes de España : |
| Resto del título |
mandad a formas por el señor Don Carlos IV / |
| 260 ## - PUBLICACIÓN, DISTRIBUCIÓN, ETC. |
| Lugar de publicación, distribución, etc. |
Paris : |
| Nombre de la editorial, distribuidor, etc. |
Don Vicente Salva, |
| Fecha de publicación, distribución, etc. |
1846. |
| 300 ## - DESCRIPCIÓN FÍSICA |
| Nº de Páginas Extensión |
4 tomos |
| Dimensiones |
26 cm. |
| 505 ## - NOTA DE CONTENIDO CON FORMATO |
| Nota de contenido formateada |
Contenido: t.1: De la santa iglesia sus derechos, bienes y rentas, suplemento al libro primero, de la jurisdicción eclesiástica, ordinaria y mixta, del rey y la real casa de corte -- t.2: de la real jurisdicción ordinaria y de su exerciccio, las chancillerias y la audiencia del reino, de los vasallos su distincion de estado y fuero -- t.4: Del comercio, moneda y minas, de los cotratos y obligaciones testamentos y herencias, de los juicios civiles ordinarios y ejecutivos, de los delitos y sus penas y de los juicios criminales -- t.5: reales resoluciones sobre la jurisdicción consular, conocimiento de los naufragios, libros y papeles de la casa de comercio... |
| 650 ## - PUNTO DE ACCESO ADICIONAL DE MATERIA--TÉRMINO DE MATERIA |
| Descriptor |
Carlos IV. |
| 9 (RLIN) |
30345 |
| 650 ## - PUNTO DE ACCESO ADICIONAL DE MATERIA--TÉRMINO DE MATERIA |
| Descriptor |
Reglamentos reales. |
| 9 (RLIN) |
30346 |
| 650 ## - PUNTO DE ACCESO ADICIONAL DE MATERIA--TÉRMINO DE MATERIA |
| Descriptor |
Cédulas reales. |
| 9 (RLIN) |
30347 |
| 942 ## - ELEMENTOS DE PUNTO DE ACCESO ADICIONAL (KOHA) |
| Fuente de clasificación |
|
| Tipo de item |
Libros-BMC |
| 945 ## - PROCESAMIENTO DE INFORMACIÓN LOCAL (OCLC) |
| Catalogador |
wfj |
| AAAA-MM-DD - Fecha de ingreso o modificacion |
2019-04-09 |